Catálogo

Vista normal Vista MARC

Entrada Personal Name

Número de registros utilizados en: 6

001 - CONTROL NUMBER

  • control field: 4641

003 - CONTROL NUMBER IDENTIFIER

  • control field: DLC

005 - DATE AND TIME OF LATEST TRANSACTION

  • control field: 20240816125031.0

008 - FIXED-LENGTH DATA ELEMENTS

  • fixed length control field: 900606n| azannaabn |b aaa c

010 ## - LIBRARY OF CONGRESS CONTROL NUMBER

  • LC control number: n 90654097

035 ## - SYSTEM CONTROL NUMBER

  • System control number: (OCoLC)oca02758530

040 ## - CATALOGING SOURCE

  • Original cataloging agency: MH
  • Language of cataloging: spa
  • Description conventions: rda
  • Transcribing agency: Mx-PuUPA
  • Modifying agency: DLC
  • Modifying agency: DLC
  • Modifying agency: OCoLC
  • Modifying agency: InU
  • Modifying agency: Mx-PuUPA

046 ## - SPECIAL CODED DATES

  • Birth date: 1951
  • Source of date scheme: edtf

053 #0 - LC CLASSIFICATION NUMBER

  • Classification number element--single number or beginning number of span: PQ6666.E765

100 1# - HEADING--PERSONAL NAME

  • Personal name: Pérez-Reverte, Arturo,
  • Dates associated with a name: 1951-

370 ## - ASSOCIATED PLACE

  • Place of birth: Cartagena, España

373 ## - ASSOCIATED GROUP

  • Associated group: Universidad Complutense de Madrid

374 ## - OCCUPATION

  • Occupation: Autor
  • Occupation: Reportero de guerra

375 ## - GENDER

  • Gender: hombre

377 ## - ASSOCIATED LANGUAGE

  • Language code: spa

400 1# - SEE FROM TRACING--PERSONAL NAME

  • Personal name: Reverte, Arturo Pérez-
  • Dates associated with a name: 1951-

400 1# - SEE FROM TRACING--PERSONAL NAME

  • Personal name: Перес-Реверте, Артуро
  • Dates associated with a name: 1951-

400 1# - SEE FROM TRACING--PERSONAL NAME

  • Personal name: פרז רוורטה, ארתורו

670 ## - SOURCE DATA FOUND

  • Source citation: His El húsar, 1986:
  • Information found: t.p. (Arturo Pérez-Reverte) p. 4 of cover (b. 34 years ago in Cartagena; reporter, war photographer)

670 ## - SOURCE DATA FOUND

  • Source citation: His La sombra del águila, c1993:
  • Information found: t.p. (Arturo Pérez-Reverte) front cover flap (b. 1951)

678 ## - BIOGRAPHICAL OR HISTORICAL DATA

  • Biographical or historical data: Arturo Pérez-Reverte Gutiérrez es un escritor y periodista español, miembro de la Real Academia Española desde 2003. Antiguo corresponsal de RTVE y reportero destacado en diversos conflictos armados y guerras, es el autor, entre otras, de la saga Las aventuras del capitán Alatriste y la trilogía de Falcó